Normale Ansicht MARC-Ansicht ISBD

Evropejskaja social-demokratija nakanune XXI stoletija / (Titelsatznr. 39019)

[ MARC ]
MARC-Details
000 -Satzkennung
Kontrollfeld mit fester Länge 00641nam a22001931c 4500
001 - Kontrollnummer
Kontrollfeld 306533561
008 - Feld mit fester Länge zur physischen Beschreibung - Allgemeine Angaben
Kontrollfeld mit fester Länge 160421s1998 gw |||| 000u ger d
020 ## - Internationale Standardbuchnummer
Internationale Standardbuchnummer 5884510551
Verknüpfung 5-88451-055-1
041 ## - Sprachcode
Sprachcode des Textes/der Tonspur oder des separaten Titels ger
040 ## - Katalogisierungsquelle
Übertragungsstelle RU-10907106
003 - Kontrollnummer Identifier
Kontrollfeld RU-10907106
245 00 - Titel
Titel Evropejskaja social-demokratija nakanune XXI stoletija /
Verfasserangabe etc. Rossijskaja Akademija Nauk, Insitut Naučnoj Informacii po Obščestvennym Naukam ... [Otv. red. B. S. Orlov]
264 ## - Produktion, Veröffentlichung, Distribution, Herstellung und Urheberrechtsvermerk
Herstellungs-, Veröffentlichungs- Vertriebs-, Erzeugungsort Moskva :
Produzent, Herausgeber, Distributor, Hersteller Pamjatniki istoričeskoj mysli,
Datum der Herstellung, der Veröffentlichung, des Vertriebs oder des Urheberschutzvermerks 1998
300 ## - Physische Beschreibung
Umfang 252 S
650 #0 - Nebeneintragung unter einem Schlagwort - Sachschlagwort
Sachschlagwort oder geografischer Name als Eintragungselement Sozialdemokratie
700 1# - Nebeneintragung - Personenname
Personenname Orlov, Boris S.
Funktionsbezeichnung HerausgeberIn
710 2# - Nebeneintragung - Körperschaftsname
Körperschafts- oder Gebietskörperschaftsname als Eintragungselement RAN / INION
942 ## - Zusätzliche Felder (Koha)
Koha-Medientyp Monographien
Exemplare
Ausgeschieden Verloren Klassifikation oder Aufstellungssystematik Beschädigt Nicht entleihbar Heimatbibliothek Aufenthaltsbibliothek Aufstellungsort Erwerbungsdatum Inventarnummer Signatur Barcode Letzte Aktivität Preis gültig von Koha-Medientyp
    Andere/Generische Klassifikation     MWN Osteuropa MWN Osteuropa Lesesaal - 1 21/04/2016 16-01586 W 66 C ej Orl 2 E00401509E33E177 23/02/2021 22/03/2021 Monographien